000 01159ngm a2200217 a 4500
005 20210223130131.0
008 070129s2004 mx 052 a aaspa d
035 _aUPN01000148924
049 _aAV
050 4 _aDVD RD 52
245 0 0 _aMedicina del siglo XXI :
_bel cuerpo ideal : ¿por qué queremos cambiar de apariencia?.
260 _a[E.U.A.]:
_bDiscovery Channel :
_bUSA video,
_cc2004.
300 _a1 DVD (52 min.) :
_bson., col. ;
_c4 3/4 plg.
440 0 _aDiscovery Health : vida, medicina, milagros
500 _aMultiregión, hablado en español
520 _aHasta hace poco sólo los ricos y famosos ingresaban secretamente en diversas clínicas alrededor del mundo para someterse a intervenciones quirúrgicas con la intención de perfeccionar sus cuerpos. Actualmente, la obsesión con la apariencia física que existe entre personas de todos los géneros, edades y clases sociales, ha provocado un auge sin precendentes en la cirugía cosmética
650 4 _aCIRUGIA PLASTICA
_95920
650 4 _aDOCUMENTALES POR TELEVISION
_95921
740 3 _aEl cuerpo ideal : ¿por qué queremos cambiar de apariencia?
905 _aAudiovisuales
999 _c121065
_d121065